Son / (Record no. 2464)

MARC details
000 -LEADER
fixed length control field 00498nam a22001817a 4500
005 - DATE AND TIME OF LATEST TRANSACTION
control field 20260122033000.0
008 - FIXED-LENGTH DATA ELEMENTS--GENERAL INFORMATION
fixed length control field 260122b |||||||| |||| 00| 0 eng d
020 ## - INTERNATIONAL STANDARD BOOK NUMBER
International Standard Book Number 978-0-544-33625-4
082 ## - DEWEY DECIMAL CLASSIFICATION NUMBER
Classification number Fic. L921 2012
100 ## - MAIN ENTRY--PERSONAL NAME
Personal name Lowry, Lois
9 (RLIN) 63
245 ## - TITLE STATEMENT
Title Son /
Statement of responsibility, etc. Lois Lowry
260 ## - PUBLICATION, DISTRIBUTION, ETC.
Place of publication, distribution, etc. New York:
Name of publisher, distributor, etc. Houghton Mifflin Hartcourt,
Date of publication, distribution, etc. c2012
300 ## - PHYSICAL DESCRIPTION
Extent 393
541 ## - IMMEDIATE SOURCE OF ACQUISITION NOTE
Accession number 7841 c.1
650 ## - SUBJECT ADDED ENTRY--TOPICAL TERM
Topical term or geographic name entry element Science fiction
9 (RLIN) 64
650 ## - SUBJECT ADDED ENTRY--TOPICAL TERM
Topical term or geographic name entry element Mother and child - Fiction
9 (RLIN) 65
650 ## - SUBJECT ADDED ENTRY--TOPICAL TERM
Topical term or geographic name entry element Seperation - Fiction
9 (RLIN) 66
Holdings
Withdrawn status Lost status Source of classification or shelving scheme Damaged status Not for loan Home library Current library Date acquired Total Checkouts Full call number Barcode Date last seen Copy number Price effective from Koha item type
    Dewey Decimal Classification     ctu-moalboal ctu-moalboal 05/27/2024   Fic. L921 2012 7841 01/22/2026 1 01/22/2026 Books-Fiction